The universal machine : (Record no. 727)
[ view plain ]
| 000 -LEADER | |
|---|---|
| fixed length control field | 00621pam a2200205 a 4500 |
| 001 - CONTROL NUMBER | |
| control field | 4962576 |
| 005 - DATE AND TIME OF LATEST TRANSACTION | |
| control field | 20241106160701.0 |
| 008 - FIXED-LENGTH DATA ELEMENTS--GENERAL INFORMATION | |
| fixed length control field | 970529s1998 maua 001 0 eng |
| 020 ## - INTERNATIONAL STANDARD BOOK NUMBER | |
| International Standard Book Number | 9780256211405 |
| 050 00 - LIBRARY OF CONGRESS CALL NUMBER | |
| Classification number | QA76.575 |
| Item number | .B54 1998 |
| 082 00 - DEWEY DECIMAL CLASSIFICATION NUMBER | |
| Classification number | 004 |
| Edition information | 21 |
| 100 1# - MAIN ENTRY--PERSONAL NAME | |
| Personal name | Blank, Glenn. |
| 245 14 - TITLE STATEMENT | |
| Title | The universal machine : |
| Remainder of title | a multimedia introduction to computing / |
| Statement of responsibility, etc. | Glenn Blank, Robert Barnes. |
| 260 ## - PUBLICATION, DISTRIBUTION, ETC. | |
| Place of publication, distribution, etc. | Boston, Mass : |
| Name of publisher, distributor, etc. | McGraw Hill, |
| Date of publication, distribution, etc. | 1998. |
| 300 ## - PHYSICAL DESCRIPTION | |
| Extent | xix, 556 p. : |
| Other physical details | ill. ; |
| Dimensions | 24 cm. |
| 500 ## - GENERAL NOTE | |
| General note | Includes index. |
| 650 #0 - SUBJECT ADDED ENTRY--TOPICAL TERM | |
| Topical term or geographic name entry element | Multimedia systems. |
| 700 1# - ADDED ENTRY--PERSONAL NAME | |
| Personal name | Barnes, Robert |
| Fuller form of name | (Robert F.) |
| 942 ## - ADDED ENTRY ELEMENTS (KOHA) | |
| Source of classification or shelving scheme | Library of Congress Classification |
| Koha item type | Books |
| Suppress in OPAC | No |
| 999 ## - | |
| -- | 727 |
| -- | 727 |
| Withdrawn status | Lost status | Source of classification or shelving scheme | Damaged status | Not for loan | Collection | Home library | Current library | Shelving location | Date acquired | Total checkouts | Full call number | Barcode | Date last seen | Copy number | Price effective from | Koha item type |
|---|---|---|---|---|---|---|---|---|---|---|---|---|---|---|---|---|
| Library of Congress Classification | Non-fiction | Science Library (Miotso) | Science Library (Miotso) | General stacks | 11/06/2024 | QA76.575 BLA | SLM00000385 | 11/06/2024 | 1 | 11/06/2024 | Books | |||||
| Library of Congress Classification | Non-fiction | Science Library (Miotso) | Science Library (Miotso) | General stacks | 11/06/2024 | QA76.575 BLA | SLM00000386 | 11/06/2024 | 2 | 11/06/2024 | Books |